|
|
|
|
| LEADER |
01019nam a22002894a 4500 |
| 001 |
3931 |
| 003 |
BD-DhAAL |
| 005 |
20200511230457.0 |
| 008 |
151005s2006 mnua b 001 0 eng |
| 999 |
|
|
|c 35689
|d 35689
|
| 010 |
|
|
|a 2005921042
|
| 020 |
|
|
|a 0030983460
|
| 020 |
|
|
|a 0324320361 (pbk.)
|
| 040 |
|
|
|a DLC
|c DLC
|d BD-DhAAL
|
| 050 |
0 |
0 |
|a HB172
|b .M599 2006
|
| 082 |
|
|
|a 338.5
|2 23
|
| 245 |
0 |
0 |
|a Microeconomics :
|b private & public choice /
|c James D. Gwartney ... [et al.].
|
| 250 |
|
|
|a Ninth edition
|
| 260 |
|
|
|a Mason, OH :
|b Thomson/South-Western,
|c c1995.
|
| 300 |
|
|
|a xxxi, 694 pages :
|b illustrations ;
|c 26 cm.
|
| 504 |
|
|
|a Includes bibliographical references and index.
|
| 541 |
|
|
|e 3931
|
| 650 |
|
0 |
|a Microeconomics.
|9 15127
|
| 700 |
1 |
|
|a Gwartney, James D.
|9 15128
|
| 852 |
|
|
|a Savar Campus Library
|c General Stacks
|
| 942 |
|
|
|2 ddc
|c BK
|
| 952 |
|
|
|0 0
|1 0
|2 ddc
|4 0
|6 338_500000000000000_MIC
|7 0
|9 56128
|a SCL
|b SCL
|c GEN
|d 2015-10-05
|e Gift: The Asia Foundation
|l 0
|o 338.5 MIC
|p 3020003931
|r 2015-10-05
|t 1
|w 2015-10-05
|y BK
|